000 00663cam a2200229 4500
001 ABS62641
008 000000n2000 000 0 eng u
035 _a(Sirsi) u107163
100 _aRahmatian, A.
245 _aIntellectual property
260 _c2000
490 _aRIBA Journal
_v105(7) July 2000, 81-82(2)
520 _aIn the first of a two-part series, sets out a comprehensive guide to copyright for architects.
590 _aABS
650 _aCOPYRIGHT LAW
650 _aINTELLECTUAL PROPERTY
650 _aCOPYRIGHT DESIGNS AND PATENTS ACT 1988
650 _aORIGINAL WORK
650 _aARCHITECTS' PLANS
690 _aLAW
942 _n0
999 _c64066
_d64066